000 01355nam a2200409 i 4500
001 43551
003 KOSZ 005
005 20220927140522.0
008 031203s2003 pl a f |000 0 pol
015 _aPB 2004/329
020 _a8372513821
040 _aWA N
_cWA N
_dKOSZ 005/HR
041 0 _apol
046 _k2003
080 _a658.1/.5
080 _a005.2
080 _a657.05
245 0 0 _aInformacja zarządcza w procesie formułowania i realizacji strategii firmy - wyzwanie dla polskich przedsiębiorstw :
_bpraca zbiorowa /
_cpod red. Gertrudy Krystyny Świderskiej.
260 _aWarszawa :
_b"Difin",
_c2003.
300 _a393 s. :
_bil. ;
_c23 cm.
336 _2rdacontent
_aTekst
_btxt
337 _2rdamedia
_bn
338 _2rdacarrier
_aWolumin
_bnc
380 _aKsiążki.
388 _a2001-
504 _aBibliogr.
650 4 _aZarządzanie strategiczne
650 4 _aRachunkowość zarządcza
650 4 _aInformacja gospodarcza
655 4 _aPraca zbiorowa
658 _aGospodarka, ekonomia, finanse
658 _aZarządzanie i marketing
700 1 _aŚwiderska, Gertruda Krystyna
_d(1942- )
_eRedakcja
710 2 _aDifin
_4pbl.
856 _uhttp://koha.tu.koszalin.pl/cgi-bin/koha/opac-detail.pl?biblionumber=43551
_yKatalog online BPK
942 _2UKD
_cKS
999 _c43551
_d43551